Statistiques concernant Quiz de culture générale

Cliquez ici pour prendre le quiz!

Statistiques générales

  • Ce quiz a été pris 1 054 fois
  • Le résultat moyen est 7 sur 12

Statistiques - réponses

HintRéponse% Correct
OMS : Organisation Mondiale de la ?Santé
92%
Président américainDonald Trump
90%
Capitale du PerouLima
82%
Tué à DallasJohn Fitzgerald Kennedy
78%
Assistant de Sherlock HolmesWatson
74%
Fête nationale américaine4 Juillet
73%
Meilleur tennisman serbeNovak Djokovic
72%
Symbole chimique de l'orAu
65%
Acteur qui joue Mr.BeanRowan Atkinson
31%
Colosse de Rhodes, Grande Pyramide de Gizeh, Jardins suspendus de Babylone, Phare d'Alexandrie, Mausolée à Halicarnassus, Statue de Zeus à Olympie et Temple deArtemis
20%
Le Docteur ( Doctor Who) voyage dans leTARDIS
14%
Plus grand bateau au mondeHarmony Of The Seas
3%

Distribution des résultats

Percentile par nombre de réponses

% des personnes avec chaque résultat

Votre développement - résultats

Vous n’avez pas pris ce quiz